Personajes de La que se avecina - 2 - Estadísticas

Estadísticas generales
  • Esta prueba ha sido intentada 540 veces
  • La puntuación promedio es 12 de 16
Estadísticas de respuestas
Imagen Respuesta % Correcto
Angelines «Nines» Chacón
97%
Raquel Villanueva
97%
Vicente Maroto
96%
Carlota Rivas
95%
Judith Becker
95%
Gregoria «Goya» Gutiérrez
93%
Amador Jr Rivas, «Ojos de Pollo»
91%
Fernando «Nano» Rivas
87%
Violeta Recio
80%
Rodrigo Rivas
69%
Cristina Aguilera
59%
Eric Cortés
55%
Blanca Neruda
52%
Silvio Ramírez
49%
Fabio Arcidiácono
43%
Sandra Espinosa
40%
No se encontraron pruebas coincidentes
Distribución de puntuación
Porcentaje de gente con cada puntuación
Porcentaje por número respondido
Historial de tus puntuaciones
No has intentado esta prueba.